Responses for Show #415 - Friday, April 11, 1986

Donald Burgo game 5.

Contestants

[<< previous game]

Gregory Charles, a freelance photographer from Studio City, California

Kathy Collins, an attorney from Des Moines, Iowa (whose 1-day cash winnings total $4,000)

Donald Burgo, a teacher from St. Louis, Missouri (whose 4-day cash winnings total $19,180)

[next game >>]

Jeopardy! Round responses

U.S. HISTORY
THE FOOD STORE
WORD ORIGINS
SEA LIFE
GOLF
"LONG" SONGS
    $100 1
a nickel

Donald
    $100 6
bread & water

Gregory
    $100 8
a Bowie knife

Kathy
    $100 21
teeth

Donald
    $100 25
handicap

Donald
    $100 13
"All Night Long"

Gregory
    $200 2
the Coast Guard

Donald
    $200 7
milk

Gregory
    $200 9
a haberdashery

Kathy
    $200 22
(Alex: We've got about a minute to go in the round.)

sea lions

Triple Stumper
    $200 26
to the right

Kathy
    $200 14
[Kathy added an apostrophe "S" to the first word in the title.]

"Longfellow Serenade"

Kathy
    $300 3
Theodore Roosevelt

Donald
    $300 18
[Laughter]

a float

Donald
    $300 10
allspice

Kathy
    $300 23
grunions

Gregory
    $300 27
(Donald: What are eagles?)
...
[The end-of-round signal sounds.]

birdies

DonaldKathy
    $300 15
"Longer"

Kathy
    $400 4
Martin Luther King

Donald
    $400 19
sprout one

Triple Stumper
    $400 11
muslin

Kathy
    $400 24
the top side

Triple Stumper
    $400 16
"The Long And Winding Road"

Gregory
    $500 5
(Alex: You ran the category; you did beautifully on that one...)
[Applause]

a locomotive

Donald
    $400 20
(3 of) crushed, chunks, whole slices (tidbits)

Donald
    $500 12
a bigwig

Gregory
    $500 17
"The Longest Time"

Triple Stumper

Scores at the first commercial break (after clue 12):

Donald Kathy Gregory
$1,500 $1,000 $800

Scores at the end of the Jeopardy! Round:

Donald Kathy Gregory
$2,100 $2,000 $1,600

Double Jeopardy! Round responses

WARS
FIRST AID
WORLD CITIES
SCIENTISTS
BRIDGES
TV GUYS
    $200 9
World War I

Donald
    $200 18
(Donald: What's put your head down?)
(Alex: Be a little more specific.)
[Laughter as Donald partially demonstrates the more specific response]

(1 of) put your head down between your legs (lie down)

Donald
    $200 6
(Alex: In 1976 it became the capital again.)

Manila

Donald
    $200 17
electricity

Kathy
    $200 12
the George Washington Bridge

Donald
    $200 1
Leonard Nimoy

Kathy
    $400 25
[The end-of-the round signal sounds.]
...
(Alex: Before we get into Final Jeopardy!, Donald, we will check on the [*] (see clue 24) to be sure we are right in our ruling on that one.)

white & red

Donald
    $400 20
(Alex: We've got about a minute to go in the round.)

shock

Gregory
    $400 7
Perth

Gregory
    $400 19
a pendulum

Kathy
    $400 13
Pittsburgh

Gregory
    $400 2
(Kathy: Uh, what is, um, geez, it's gone, sorry.)

Rich Man, Poor Man

Kathy
Triple Stumper
    $600 21
(Donald: What is Med-Alert?)
[Alex accepted the response as correct before holding up play to determine it was incorrect.]

MedicAlert

Donald
Triple Stumper
    $600 8
Los Ángeles

Triple Stumper
    $600 22
Luther Burbank

Donald
    $600 14
pontoons

Donald
    $600 3
Archie Bunker

Gregory
    $800 10
Montreal

Donald
    $800 23
rockets

Donald
    $500 15
(Alex: Hit song by "The Singing Rage", Patti Page.)

"Cross Over The Bridge"

Donald
    $1,000 4
(Gregory: What are [*]...)
(Alex: William Daniels plays the voice of K.I.T.T. the car on [**].)

St. Elsewhere & Knight Rider

Gregory
    $1000 11
Naples

Donald
    $1000 24
(Donald: What's "Mee-bee-us"?)
(Alex: Sorry, that is incorrect.)
...
(Alex: The man's name was August [*].)
(Donald: I thought the "O-E" was pronounced that way.)
...
(Alex: [Before revealing the Final Jeopardy! clue] Foreign words are difficult at their best to pronounce and come up with, but we have decided that our champion's pronunciation of August [*] was close enough a while ago and we have credited him with $1,000.)

(August) Möbius

Donald
    $1000 16
A Bridge Too Far

Donald
    $1000 5
(Alex: On Laverne & Shirley.)

Leonard (Lenny) & Squiggy

Gregory

Scores at the end of the Double Jeopardy! Round:

Donald Kathy Gregory
$9,000 $2,400 $3,400
(lock game)

[wagering suggestions for these scores]

Final Jeopardy! Round responses

AMERICAN LITERATURE
KathyWhat is words?
$2,398
GregoryWhat were the citizens of N.Y.C.?
$400
DonaldWhat is the winnings
$2,000
the population of New York (the citizens of NYC)

Final scores:

Donald Kathy Gregory
$7,000 $2 $3,800
5-day champion: $26,180 3rd place: Jules Jurgensen his & hers watches 2nd place: JP's General Store gift certificate & Benchmark carpeting

Game dynamics:

Coryat scores:

Donald Kathy Gregory
$9,400 $2,400 $4,400
22 R
(including 2 DDs),
2 W
11 R,
1 W
11 R,
1 W
(including 1 DD)

Combined Coryat: $16,200

[game clues] [game scores] [suggest correction]

Game tape date: 1985-11-18
The J! Archive is created by fans, for fans. Scraping, republication, monetization, and malicious use prohibited; this site may use cookies and collect identifying information. See terms. The Jeopardy! game show and all elements thereof, including but not limited to copyright and trademark thereto, are the property of Jeopardy Productions, Inc. and are protected under law. This website is not affiliated with, sponsored by, or operated by Jeopardy Productions, Inc. Join the discussion at JBoard.tv.